| 000 | 00943nam a22002655a 4500 | ||
|---|---|---|---|
| 005 | 20161116130830.0 | ||
| 008 | 161114t2008 nyu frb 001 0 eng d | ||
| 020 | _a9781441112354 | ||
| 040 |
_aEG-ScBUE _beng _cEG-ScBUE _dEG-ScBUE |
||
| 082 | 0 | 4 |
_a071.3 _bROS _222 |
| 100 | 1 | _aRosenberg, Howard. | |
| 245 | 1 | 0 |
_aNo time to think : _bthe menace of media speed and the 24-hour news cycle / _cHoward Rosenberg, Charles S. Feldman. |
| 260 |
_aNew York ; _aLondon : _bContinuum, _cc.2008. |
||
| 300 |
_axi, 226 p. : _c23 cm. |
||
| 500 | _aIndex : p. 215-226. | ||
| 504 | _aBibliography : p. 213-214. | ||
| 590 | _aSuzan Ashmawy ; revised by Fouad. | ||
| 650 | 7 |
_aJournalism _zUnited States. _2BUEsh _939380 |
|
| 650 | 7 |
_aTelevision broadcasting of news _zUnited States. _2BUEsh |
|
| 650 | 7 |
_aJournalism _xSocial aspects. _2BUEsh _939380 |
|
| 651 | _2BUEsh | ||
| 653 |
_bCOMAME _cNovember2016 |
||
| 700 | 1 | _aFeldman, Charles S. | |
| 942 | _2ddc | ||
| 999 |
_c23112 _d23084 |
||